000 00649nam a2200205Ia 4500
003 GCL
008 140319s9999 xx 000 0 ara d
040 _aGCL /
_cGCL
082 0 4 _a398.2
_bح ث
100 1 _aحسن عطية
245 1 0 _a"الثابت والمتغير""دراسات فى المسرح التراث الشعبى""" /
_cحسن عطية
260 _a[S.N] :
_bالهيئة المصرية العامة للكتاب ،
_c1990
300 _a178 ص
490 _a
650 0 4 _aالفولكلور
650 0 4 _aالادب الشعبى
650 0 4 _aالاساطير
650 0 4 _aالامثال الشعبية
942 _2ddc
_cBK
999 _c29033
_d29033